पुण्याचे शिल्पकार / (Record no. 47656)

MARC details
000 -LEADER
fixed length control field 01164nam a22002777a 4500
005 - DATE AND TIME OF LATEST TRANSACTION
control field 20100918105748.0
008 - FIXED-LENGTH DATA ELEMENTS--GENERAL INFORMATION
fixed length control field 100918t xxu||||| |||| 00| 0 mar d
010 ## - LCCN (DPL NO)
LC control number MAR-20279
020 ## - INTERNATIONAL STANDARD BOOK NUMBER
Terms of availability 100.00
International Standard Book Number 8189634534
035 ## - SYSTEM CONTROL NUMBER
System control number MR-12937
037 ## - SOURCE OF ACQUISITION
Source of stock number/acquisition DBAD/PUB
040 ## - CATALOGING SOURCE
Original cataloging agency DPL
Language of cataloging MR
082 ## - DEWEY DECIMAL CLASSIFICATION NUMBER
Classification number 920
100 ## - MAIN ENTRY--PERSONAL NAME
9 (RLIN) 20631
Personal name दीक्षित,म. श्री.
245 ## - TITLE STATEMENT
Title पुण्याचे शिल्पकार /
Statement of responsibility, etc म.श्री.दीक्षित
246 ## - VARYING FORM OF TITLE
Title proper/short title Puanyachey Shilpkar
Remainder of title by M S Dixit
260 ## - PUBLICATION, DISTRIBUTION, ETC. (IMPRINT)
Place of publication, distribution, etc पुणे
Name of publisher, distributor, etc स्नेहवर्धन प्रकाशन
Date of publication, distribution, etc 2010
270 ## - ADDRESS
Address 833, सदाशिव पेठ, महात्मा फुले सभागृहमागे
City पुणे
Postal code 411030
300 ## - PHYSICAL DESCRIPTION
Extent 116पृ
Dimensions 21 सेमी (अजिल्द)
650 ## - SUBJECT ADDED ENTRY--TOPICAL TERM
Topical term or geographic name as entry element जीवन चरित्र
9 (RLIN) 20632
650 ## - SUBJECT ADDED ENTRY--TOPICAL TERM
Topical term or geographic name as entry element Biography
9 (RLIN) 20633
700 ## - ADDED ENTRY--PERSONAL NAME
9 (RLIN) 21188
700 ## - ADDED ENTRY--PERSONAL NAME
9 (RLIN) 21189
942 ## - ADDED ENTRY ELEMENTS (KOHA)
Source of classification or shelving scheme Dewey Decimal Classification
Item type Marathi Books
Classification part 920
Call number suffix दीक्षित
Holdings
Withdrawn status Lost status Source of classification or shelving scheme Damaged status Not for loan Collection code Home library Current library Date acquired Source of acquisition Cost, normal purchase price Total Checkouts Full call number Barcode Date last seen Copy number Cost, replacement price Koha item type
    Dewey Decimal Classification   Not For Loan Non-fiction D.B.Act.Division D.B.Act.Division 24/09/2010 DBAD / PUB 100.00   920 दीक्षित MR-12937 24/09/2010 1 100.00 Marathi Books

© Delhi Public Library
Hit Counter
free hit counter